000 00358nam a2200133Ia 4500
005 20251222144632.0
008 251222s9999||||xx |||||||||||||| ||spa||
020 _a9972-623-05-X
082 _a869.56/T27
100 _aTaylor, Gerald
245 0 _aLa Tradición Oral Quechua de Chachapoyas
264 _bInstituto Francés de Estudios Andinos
942 _cLIB
999 _c16342
_d16342